Statistiken für Alle Family Guy Charaktere | Deutsch

Klicken Sie hier um das Quiz zu spielen!

Allgemein

  • Dieses Quiz wurde 273 mal gespielt
  • Das Durchschnittsergebnis liegt bei 20 aus 123

Antwortstatistiken

Die Familie Griffin% Korrekt
Peter Griffin
100%
Ulysses S. Griffin
98%
Brian Griffin
95%
Meg Griffin
94%
Stewie Griffin
91%
Chris Griffin
90%
Lois Griffin
89%
Joseph "Joe" Swanson
84%
Glenn Quagmire
73%
Cleveland Brown
71%
Bonnie Swanson
55%
Richter Dignified Q. Blackman
50%
Thomas „Tom“ Tucker
50%
Carter Pewterschmidt
49%
Mort Goldmann
41%
John Herbert
39%
Cleveland Brown Jr.
37%
Bürgermeister Adam West
33%
Al Harrington
31%
Lou Spinazola
31%
Donna Brown-Tubbs
28%
Kevin Swanson
27%
Babs Pewterschmidt
23%
Rektor John Shepherd
23%
Wild Wild West
22%
Loretta Brown
21%
Neil Goldmann
20%
Tricia Takanawa
20%
Angela
17%
Anna Lee
17%
Ida Davis
16%
Muriel Goldmann
16%
Susie Swanson
16%
Dr. Elmer Hartman
14%
Jake Tucker
14%
Diane Simmons
13%
Connie D'Amico
12%
Ella Hitler
12%
Jerome
12%
Kool-Aid Guy
12%
Adolf Hitler
11%
Rallo Tubbs
11%
Roberta Tubbs
11%
Rupert
11%
Bert
10%
James William Bottomtooth III
9%
Pawtucket Pat
9%
Carol Pewterschmidt-West
8%
James Woods
8%
Jesus Christus
8%
Joyce Kinney
8%
Peter Hitler
8%
Brenda Quagmire
7%
Carl
7%
Consuela
7%
Ddonald Trump
7%
Frank Sinatra Jr.
7%
Gott
7%
Jillian Russell-Wilcox
7%
Böser Affe
6%
Bruce Straight
6%
Ernie the Giant Chicken
6%
Oliver „Ollie“ Williams
6%
Opie
6%
Patrick Pewterschmidt
6%
Seamus Levine
6%
Stella
6%
Tod
6%
Barack Obama
5%
Jim Kaplan
5%
Karen „Heavy Flo“ Griffin
5%
Stewie Cruise
5%
Abraham Lincoln
4%
Doug
4%
Dylan Flannigan
4%
Francis Griffin
4%
Fred Feuerstein
4%
Horace
4%
Jeffrey
4%
Johnny
4%
Mr. Jonathan Weed
4%
Patty
4%
Thelma Griffin
4%
Arnold Schwarzenegger
3%
Biscuit
3%
Bud Swanson
3%
Crystal Quagmire
3%
Gary Quagmire
3%
Jasper
3%
Mickey McFinnigan
3%
Scrappy Brian
3%
Tomik
3%
Vinny
3%
ALF
2%
Betram
2%
Buzz Killington
2%
Chip Griffin
2%
Coco
2%
Courtney Quagmire
2%
Die Muppets
2%
Gina
2%
Miss Tammy
2%
Penelope
2%
Pickel
2%
Ruth Cochamer
2%
Superman
2%
The Greased-up Deaf Guy
2%
Avery Bullock
1%
Ballgarde
1%
Barbershop Quartet
1%
Barnaby
1%
Conway Twitty
1%
Esther
1%
Fouad
1%
Hammer
1%
Mr. Berler
1%
Paddy Tanniger
1%
Pasqual
1%
Phineas
1%
RJ
1%
Santos
1%
Shiela
1%
Vern
1%

Verteilung der Resultate

Perzentil nach korrekt beantworteten Fragen

Anzahl Personen mit jedem Resultat

Ihre Resultats-Entwicklung

Sie haben dieses Quiz noch nicht gespielt